00365nam a2200145 a 4500008004100000050001600041100001900057245002400076246004300100250001200143260002700155300001100182350000900193700001700202120416s1944 ||||||||||||||||| || u aE 185.6 Myr aMyrdal, Gunnar13aAn American dilemma athe Negro problem and modern democracy a6th ed. aNew YorkbHarperc1944 a2 vols a0.00 aRose, Arnold